00632pam a2200169 a 4500020001500000082003100015245009600046260005300142300003400195526003700229650002100266650001500287700003000302942001200332999001900344952009900363 a013659749100a624.18341bYOUcN-01, P-8904aThe Science and technology of civil engineering materials /cJ. Francis Young ... [et al.]. aUpper Saddle River, NJ :bPrentice Hall,cc1998. axiv, 384 p. :bill. ;c26 cm. a0b0c0d624_183410000000000_YOU 0aMaterials.91466 0aNUST963421 aYoung, J. Francis.937770 2ddccBK c542556d542556 00102ddc4070aMCEbMCEd2014-02-03l0o624.18341 YOUpMCE-36571r2014-02-03w2014-02-03yBK